[Event "3rd ACT"]
[Site "Amsterdam NED"]
[Date "2006.07.21"]
[Round "7"]
[White "Van Ruitenburg,J"]
[Black "Ahlers,B"]
[Result "1/2-1/2"]
[WhiteElo "2315"]
[BlackElo "2185"]

1.d4 Nf6 2.Bg5 e6 3.e4 h6 4.Bxf6 Qxf6 5.c3 d6 6.Bd3 e5 7.Ne2 Nc6 8.O-O g5
9.Bb5 a6 10.Qa4 Bd7 11.d5 Nb8 12.Bxd7+ Nxd7 13.Qc4 O-O-O 14.b4 h5 15.b5 Nb6
16.Qb4 axb5 17.Qxb5 h4 18.Nd2 g4 19.a4 Nd7 20.a5 Nb8 21.Rab1 Bh6 22.f4 gxf3
23.Rxf3 Qg6 24.a6 Nxa6 25.Qxb7+ Kd7 26.Rbf1 Rh7 27.Qxa6 Bxd2 28.Qd3 Rg8 29.R1f2 Bg5
30.Qb5+ Kd8 31.Qb8+ Kd7 32.Qb5+ Kd8 33.c4 Rhg7 34.Qc6 f6 35.Nc3 Rd7 36.Ra2 Ke7
37.Kf1 Bf4 38.h3 Qg5 39.Nd1 Bd2 40.Rf2 Bb4 41.Rac2 Bc5 42.Rf3 Rb8 43.Nc3 Rb4
44.Rf5 Qh6 45.g4 hxg3 46.Kg2 Qe3 47.Rh5 Qg1+ 48.Kf3 Qe3+ 49.Kg2  1/2-1/2

[Event "Czech Open A"]
[Site "Pardubice CZE"]
[Date "2006.07.21"]
[Round "1"]
[White "Steiner,B"]
[Black "Meier,Geo"]
[Result "0-1"]
[WhiteElo "2253"]
[BlackElo "2450"]

1.d4 Nf6 2.Bg5 e6 3.Nd2 h6 4.Bh4 c5 5.e3 d5 6.c3 Be7 7.Bd3 Qc7 8.f4 Nc6 9.Ngf3 cxd4
10.cxd4 Nb4 11.Bb5+ Bd7 12.Bxd7+ Nxd7 13.O-O Bxh4 14.Nxh4 g5 15.Nhf3 gxf4
16.exf4 Qxf4 17.Qb3 Qd6 18.Rac1 Qb6 19.Kh1 Nc6 20.Qe3 O-O-O 21.Qf4 Rh7 22.Nb3 Qc7
23.Qe3 Kb8 24.Nc5 Nxc5 25.Rxc5 Qd6 26.Ne5 Nxe5 27.dxe5 d4 28.Qa3 Qb6 29.Rfc1 Rhh8
30.Qd3 Rd7 31.Qc4 Qd8 32.Qd3 Rd5 33.a4 Qd7 34.a5 a6 35.h3 Rd8 36.b4 Qe7 37.Qc4 d3
38.Rc7 R5d7 39.Rc8+ Rxc8 40.Qxc8+ Ka7 41.b5 axb5 42.a6 d2 43.Rd1 bxa6 44.Kh2 Rd5
45.Qc6 Qd7 46.Qc3 Kb7  0-1

[Event "Czech Open A"]
[Site "Pardubice CZE"]
[Date "2006.07.22"]
[Round "2"]
[White "Kireev,Al"]
[Black "Cvek,R"]
[Result "0-1"]
[WhiteElo "2382"]
[BlackElo "2509"]

1.d4 Nf6 2.Bg5 e6 3.e3 c5 4.c3 cxd4 5.exd4 Be7 6.Nd2 b6 7.Ngf3 Bb7 8.Bd3 h6
9.Bxf6 Bxf6 10.Qe2 O-O 11.O-O d6 12.Rfe1 g6 13.Be4 Bxe4 14.Nxe4 Bg7 15.Rad1 d5
16.Ned2 Nc6 17.Ne5 Nxe5 18.dxe5 b5 19.Nb3 Qb6 20.Rd4 Rfc8 21.h4 Rc4 22.Red1 a5
23.Rxc4 bxc4 24.Nd4 Bf8 25.g3 Rb8 26.Rd2 Bc5 27.Nf3 Kg7 28.Kg2 Qc6 29.Kh2 Qa4
30.a3 Qb3 31.h5 Qb7 32.hxg6 fxg6 33.Nh4 Qf7 34.f4 Rf8 35.Qg4 Kh7 36.Rg2 a4
37.Re2 Be7 38.Ng2 g5 39.Qh3 Qg6 40.fxg5 Bxg5 41.Ne1 Be7 42.Ng2 Bg5 43.Ne1 Rf5
44.Qg4 Qf7 45.Kg2 Be7 46.Nc2 Bc5 47.Nd4 h5 48.Qh3 Bxd4 49.cxd4 Rf1 50.Kh2 Qf3
51.Rg2 Qd1  0-1

[Event "Open"]
[Site "Kiel GER"]
[Date "2006.07.23"]
[Round "4"]
[White "Kiechl,S"]
[Black "Bunk,K"]
[Result "0-1"]
[WhiteElo "1929"]
[BlackElo "2179"]

1.d4 Nf6 2.Bg5 e6 3.e4 h6 4.Bxf6 Qxf6 5.Nc3 d6 6.Qd2 g6 7.f4 Qd8 8.Nf3 Bg7
9.O-O-O Nd7 10.e5 d5 11.g3 a6 12.Qe3 Qe7 13.Bg2 b6 14.g4 Bb7 15.Qd3 c5 16.Rhf1 cxd4
17.Nxd4 Nc5 18.Qe2 O-O-O 19.Rde1 Rhe8 20.Kb1 Kb8 21.a3 Qd7 22.Bf3 Rc8 23.Qg2 Na4
24.Nxa4 Qxa4 25.Qd2 Qd7 26.Re3 Bf8 27.Rc3 Rxc3 28.Qxc3 Rc8 29.Qd3 Qc7 30.c3 Bc5
31.Nxe6 fxe6 32.Qxg6 d4 33.Bxb7 Qxb7 34.cxd4 Bxd4 35.Qd3 Qg2 36.Qxd4 Qxf1+
37.Ka2 Qc4+  0-1

[Event "MTO Open"]
[Site "Biel SUI"]
[Date "2006.07.24"]
[Round "1"]
[White "Martinez,Vin"]
[Black "Pavlovic,Milo"]
[Result "0-1"]
[WhiteElo "2158"]
[BlackElo "2497"]

1.d4 Nf6 2.Bg5 e6 3.Nd2 c5 4.e3 cxd4 5.exd4 Be7 6.Ngf3 Nc6 7.c3 O-O 8.Bd3 Nd5
9.Bxe7 Ncxe7 10.Qc2 f5 11.g4 b5 12.Rg1 a6 13.O-O-O Bb7 14.gxf5 Nxf5 15.Rg5 Nb4
16.Qb1 Bxf3 17.Nxf3 Qc7 18.Ne5 d6 19.Bxf5 exf5 20.Nd3 Nd5 21.Rdg1 Rf7 22.Qc2 Re8
23.Qb3 Qc4 24.Qxc4 bxc4 25.Re1 Rb8 26.Nb4 Nf4 27.Re3 h6 28.Rg6  0-1

[Event "MTO Open"]
[Site "Biel SUI"]
[Date "2006.07.26"]
[Round "3"]
[White "Weindl,A"]
[Black "Alekseev,Evgeny"]
[Result "0-1"]
[WhiteElo "2353"]
[BlackElo "2644"]

1.d4 Nf6 2.Bg5 e6 3.e4 h6 4.Bxf6 Qxf6 5.Nc3 Bb4 6.Qd3 d6 7.a3 Ba5 8.Nf3 Nd7
9.Be2 c6 10.O-O O-O 11.b4 Bc7 12.Rad1 Qe7 13.Rfe1 Rd8 14.Bf1 e5 15.d5 Nf6
16.Nd2 Bg4 17.Be2 Bb6 18.Nb3 cxd5 19.Nxd5 Nxd5 20.exd5 Bd7 21.Bf1 Qh4 22.Rd2 Re8
23.g3 Qe7 24.Bg2 f5 25.c4 e4 26.Qb1 Rac8 27.c5 dxc5 28.bxc5 Bxc5 29.Nxc5 Qxc5
30.Kh1 b6 31.Qb2 Qc3 32.Qb4 Rc4 33.Qxc3 Rxc3 34.Ra1  0-1

[Event "Czech Open A"]
[Site "Pardubice CZE"]
[Date "2006.07.26"]
[Round "6"]
[White "Ajrapetjan,Y"]
[Black "Kabanov,N"]
[Result "0-1"]
[WhiteElo "2406"]
[BlackElo "2514"]

1.d4 Nf6 2.Bg5 e6 3.e4 h6 4.Bxf6 Qxf6 5.c3 c5 6.e5 Qd8 7.d5 exd5 8.Qxd5 Be7
9.Nd2 O-O 10.Ne4 Qb6 11.O-O-O Na6 12.Nd6 Nc7 13.Qe4 Qc6 14.Qg4 Ne8 15.Bb5 Qb6
16.Nf5 Bd8 17.Bxd7 Bxd7 18.Rxd7 Qg6 19.f3 Qe6 20.Ne7+ Bxe7 21.Qxe6 Bg5+ 22.Kc2 fxe6
23.h4 Rd8  0-1

[Event "Sunny Pawn B"]
[Site "Illichevsk UKR"]
[Date "2006.07.27"]
[Round "7"]
[White "Romcovici,V"]
[Black "Aliferenko,A"]
[Result "1-0"]
[WhiteElo "2310"]
[BlackElo "2246"]

1.d4 Nf6 2.Bg5 e6 3.e4 h6 4.Bxf6 Qxf6 5.c3 d6 6.Bd3 e5 7.Ne2 g6 8.O-O Bg7
9.f4 exd4 10.cxd4 Bg4 11.e5 dxe5 12.fxe5 Qb6 13.Kh1 Qxb2 14.Nbc3 Qxc3 15.Nxc3 Bxd1
16.Raxd1 Nc6 17.Nb5 O-O 18.Nxc7 Rad8 19.e6 Rxd4 20.Nb5 Rh4 21.exf7+ Rxf7
22.Bc4 Rxc4 23.Rxf7 Kxf7 24.Nd6+ Ke6 25.Nxc4 Bd4 26.Na5 Nxa5 27.Rxd4 b5 28.Kg1 Nc6
29.Rd2 a5 30.Kf2 a4 31.Ke3 b4 32.Ke4 a3 33.h3 b3 34.axb3 Nb4 35.Rd1 a2 36.Ra1 Kd6
37.g4 g5 38.Kf5  1-0

[Event "Czech Open A"]
[Site "Pardubice CZE"]
[Date "2006.07.27"]
[Round "7"]
[White "Lindberg,Bo"]
[Black "Maiorov,N"]
[Result "0-1"]
[WhiteElo "2385"]
[BlackElo "2490"]

1.d4 Nf6 2.Bg5 e6 3.e4 h6 4.Bxf6 Qxf6 5.c3 d6 6.Bd3 Nd7 7.Ne2 g6 8.O-O Be7
9.f4 Qg7 10.e5 Nb6 11.Nd2 Bd7 12.Ne4 Bc6 13.b4 a6 14.a4 a5 15.b5 Bxe4 16.Bxe4 d5
17.Bd3 Kd7 18.Qc2 h5 19.Rab1 Rhc8 20.c4 dxc4 21.Bxc4 Bb4 22.Ng3 c6 23.bxc6+ bxc6
24.Ne4 Qf8 25.Nf6+ Kd8 26.Rfc1 Qe7 27.f5 gxf5 28.Qd1 Kc7 29.Qxh5 Kb7 30.Qf3 Ka7
31.Bb3 Qd8 32.Qe3 Rab8 33.Rc2 Rb7 34.Rbc1 Rbc7 35.Bc4 c5 36.d5 exd5 37.Rd1 Nxc4
38.Rxc4 dxc4 39.Rxd8 Rxd8 40.e6 Re7 41.Qf4 Rd4 42.Qxf5 Rd1+ 43.Kf2 fxe6 44.Qg4 Rd2+
45.Kg3 c3 46.Qc4 Rg7+ 47.Kh3 Rd8 48.g4 Rd4 49.Qe2 Rd2 50.Qc4 Rd4 51.Qe2 c4
52.Ne4 Rh7+ 53.Kg3 Rd3+ 54.Kf4 Rhh3 55.g5 Rhf3+ 56.Ke5 Rfe3 57.Qf2 Ka6 58.Qa2 Rd5+
59.Kf4 Re1 60.Qxc4+ Kb7 61.g6 Rg1 62.Ng3 Rgd1 63.Ne2 Rf1+ 64.Ke4 Rf6 65.Nf4 Rc5
66.Qd3 c2 67.Qd7+ Rc7 68.Qb5+ Ka7 69.Nd3 Rxg6 70.Qe5 Rc4+ 71.Kf3 c1=Q 72.Nxc1 Rxc1
73.Qd4+ Rc5 74.Qd7+ Kb6 75.Qd8+ Rc7 76.Qb8+ Rb7 77.Qd8+ Ka7 78.Qd4+ Rb6 79.Qd7+ Rb7
80.Qd4+ Ka8 81.Qd8+ Rb8 82.Qc7 Rf6+ 83.Ke4 Rff8 84.Qc6+ Rb7 85.h4 Kb8 86.h5 Rh8
87.Kf3 Rh6 88.Ke4 Ka7 89.Kf3 Rf7+ 90.Kg4 Rg7+ 91.Kf3 Rxh5 92.Qxe6 Rhg5 93.Qf6 Bc5
94.Qc6 Bb6 95.Qe6 Rg2 96.Qc8 Rf2+ 97.Ke4 Re7+ 98.Kd3 Rf3+ 99.Kd2 Rf4 100.Qh8 Rd4+
101.Kc2 Rc7+ 102.Kb3 Rb4+ 103.Ka2 Bd4 104.Qh3 Rxa4+  0-1

[Event "Czech Open A"]
[Site "Pardubice CZE"]
[Date "2006.07.28"]
[Round "8"]
[White "Leon Hoyos,M"]
[Black "Iljin,A"]
[Result "1/2-1/2"]
[WhiteElo "2436"]
[BlackElo "2508"]

1.d4 Nf6 2.Bg5 e6 3.e4 h6 4.Bxf6 Qxf6 5.Nc3 Bb4 6.Qd2 O-O 7.f4 d6 8.Nf3 Nd7
9.e5 Qe7 10.Bd3 dxe5 11.fxe5 c5 12.a3 Ba5 13.b4 cxd4 14.Nb5 Bb6 15.Qf4 a5
16.O-O axb4 17.axb4 Rxa1 18.Rxa1 f6 19.exf6 Nxf6 20.Ne5 Qxb4 21.Ng6 Re8 22.Qd6 Bc5
23.Qc7 Nd5 24.Qg3 Qd2 25.Nd6 Bxd6 26.Qxd6 Ne3 27.Be4 Nd1 28.Qg3 Nc3 29.Bd3 Ne2+
30.Bxe2 Qxe2 31.Qc7 Qe3+ 32.Kh1 Qc3 33.Qxc3 dxc3 34.Ne5 Rd8 35.h3 Rd5 36.Ra8 Rxe5
37.Rxc8+ Kf7 38.Rxc3 Kf6 39.Rc7 b5 40.Kh2 g6 41.c4 bxc4 42.Rxc4 Re3 43.Kg1 Re2
44.Kh2 Kf5 45.Kg3 Re3+ 46.Kf2 Ra3 47.Rh4 e5 48.Rb4 h5 49.g4+ hxg4 50.hxg4+ Kg5
51.Re4 Ra5 52.Kg3 Rd5 53.Kh3 Rd3+ 54.Kh2 Kf6 55.Ra4 Rd4 56.Ra6+ Kg5 57.Re6 e4
58.Kg3 Rd3+ 59.Kg2 Kf4 60.Rxg6 Rd2+ 61.Kh3 e3 62.Rf6+ Ke4 63.Kg3 Rd7 64.Re6+ Kd3
65.g5 e2  1/2-1/2

[Event "Politiken Cup"]
[Site "Copenhagen DEN"]
[Date "2006.07.29"]
[Round "8"]
[White "Schultz Pedersen,J"]
[Black "Pedersen,Be"]
[Result "1-0"]
[WhiteElo "2203"]
[BlackElo "2027"]

1.d4 Nf6 2.Bg5 e6 3.Nd2 Be7 4.e4 d5 5.Bxf6 Bxf6 6.e5 Be7 7.Qg4 O-O 8.Ngf3 Nd7
9.h4 f5 10.Qf4 c5 11.O-O-O Qb6 12.g4 cxd4 13.Bd3 Nc5 14.Nb3 Ne4 15.Rdf1 Bd7
16.Rhg1 Rac8 17.gxf5 exf5 18.Nfxd4 a5 19.e6 Bxe6 20.Qe5 Rf6 21.Nxf5 Bxf5
22.Qxe7 Rf7 23.Qe5 Qd6 24.Qd4 Qf4+ 25.Qe3 Qxh4 26.Nd4 Bg6 27.f3 Ng3 28.Bxg6 hxg6
29.Re1 Nf5 30.Qe6 Rf8 31.Nxf5 Qf4+ 32.Ne3 d4 33.Rg4 Qc7 34.Nd5 Qh2 35.Ne7+  1-0

[Event "15th Open A"]
[Site "Vienna AUT"]
[Date "2006.07.29"]
[Round "1"]
[White "Adloff,R"]
[Black "Albadri,A"]
[Result "1/2-1/2"]
[WhiteElo "1997"]
[BlackElo "2195"]

1.d4 Nf6 2.Bg5 e6 3.Nd2 d5 4.e3 c5 5.c3 Bd6 6.Bd3 h6 7.Bh4 O-O 8.Ngf3 Nbd7
9.O-O e5 10.dxe5 Nxe5 11.Nxe5 Bxe5 12.f4 Bc7 13.e4 c4 14.Be2 dxe4 15.Nxe4 b5
16.Nxf6+ gxf6 17.Qxd8 Bxd8 18.Rad1 Rb8 19.Bf2 Bb6 20.Rd6 Rd8 21.Rfd1 Rxd6
22.Rxd6 Be6 23.Bxb6 Rxb6 24.Rxb6 axb6 25.Bf3 Bd7 26.Kf2 Kf8 27.Ke3 Ke7 28.Bd5 f5
29.Kd4 f6 30.a4 bxa4 31.Bxc4 Kd6 32.Bd3 Be6 33.g3 Bd7 34.Bc2 b5 35.Bd3 Kc6
36.Be2 Be6 37.Bh5 Bd7 38.Bg6 Kd6 39.Bf7 Kc6 40.Bd5+ Kb6 41.Bf3 Be6 42.Bd1 Kc6
43.Bc2  1/2-1/2

[Event "15th Open A"]
[Site "Vienna AUT"]
[Date "2006.07.29"]
[Round "1"]
[White "Kreindl,H"]
[Black "Baernthaler,M"]
[Result "1-0"]
[WhiteElo "2200"]
[BlackElo "2005"]

1.d4 Nf6 2.Bg5 e6 3.e3 Be7 4.Nd2 d5 5.Bd3 h6 6.Bh4 O-O 7.Ngf3 Nbd7 8.O-O c5
9.c3 b6 10.Qe2 Bb7 11.Rad1 Re8 12.Ne5 Qc7 13.f4 Bf8 14.Qf3 g6 15.g4 Bg7 16.Bg3 Qc8
17.g5 Nh7 18.gxh6 Bxh6 19.Bh4 Nhf8 20.Kh1 Ba6 21.Qe2 Bxd3 22.Qxd3 Bg7 23.Ndf3 Nh7
24.Rg1 Ndf8 25.Rg3 a6 26.Rdg1 Ra7 27.Ng4 Qc6 28.Bg5 Qb5 29.Qd2 Rb8 30.Bh6 Bh8
31.Nfe5 Qe8 32.Qg2 Nf6 33.Nxf6+ Bxf6 34.Rg4 Kh7 35.Bxf8 Qxf8 36.Nc6 Raa8
37.Nxb8 Rxb8 38.Rxg6  1-0

[Event "35th TCh-GRE"]
[Site "Ermioni GRE"]
[Date "2006.07.??"]
[Round "8"]
[White "Kazantzidis,I"]
[Black "Pavlidou,E"]
[Result "1/2-1/2"]
[WhiteElo "2015"]
[BlackElo "1960"]

1.d4 Nf6 2.Bg5 e6 3.e3 c5 4.c3 b6 5.Nd2 Bb7 6.Ngf3 Be7 7.Bd3 d6 8.O-O Nbd7
9.Qe2 d5 10.Ne1 O-O 11.f4 Ne4 12.Bxe7 Qxe7 13.Nxe4 dxe4 14.Ba6 Bxa6 15.Qxa6 cxd4
16.cxd4 Qb4 17.Qe2 Rac8 18.Rf2 Rc7 19.Qd2 Qxd2 20.Rxd2 Rfc8 21.Rad1 Nf6 22.Re2 g6
23.h3 h5 24.g3 Nd5 25.Kf2 Nb4 26.Ra1 Nc2 27.Nxc2 Rxc2 28.Rd1 Kf8 29.Ke1 Rc1
30.Rd2 R1c2  1/2-1/2

[Event "FSGM August"]
[Site "Budapest HUN"]
[Date "2006.08.05"]
[Round "13"]
[White "Leon Hoyos,M"]
[Black "Bick,J"]
[Result "1-0"]
[WhiteElo "2436"]
[BlackElo "2247"]

1.d4 Nf6 2.Bg5 e6 3.e4 c5 4.e5 h6 5.Bh4 g5 6.Bg3 Ne4 7.d5 Qb6 8.Nc3 Nxg3
9.hxg3 Qxb2 10.Nge2 Bg7 11.f4 Qb4 12.Rb1 Qa5 13.Rb5 Qc7 14.Ne4 b6 15.Nd6+ Kf8
16.Nc1 Nc6 17.dxc6 dxc6 18.Rb3 Bd7 19.Re3 Ke7 20.Nd3 f6 21.Qh5 Raf8 22.Qg6 Rhg8
23.Nf5+  1-0

[Event "15th Open A"]
[Site "Vienna AUT"]
[Date "2006.08.06"]
[Round "9"]
[White "Steiner,B"]
[Black "Nagel,H"]
[Result "1-0"]
[WhiteElo "2253"]
[BlackElo "2142"]

1.d4 Nf6 2.Bg5 e6 3.Nd2 c5 4.e3 cxd4 5.exd4 Be7 6.Ngf3 b6 7.Bb5 Ba6 8.a4 O-O
9.O-O d6 10.Qe2 Bb7 11.a5 bxa5 12.Nb3 a6 13.Nxa5 Ra7 14.Bd3 Ba8 15.Ra2 Qb6
16.c4 Nc6 17.d5 exd5 18.cxd5 Nxd5 19.Qe4 g6 20.Nc4 Qc5 21.Ra3 Bxg5 22.Nxg5 Ndb4
23.Qh4 h5 24.Bb1 Nd4 25.Nd2 f6 26.Ngf3 Nxf3+ 27.Nxf3 Kg7 28.Rc3 Qb6 29.Qg3 f5
30.Rd1 Rd7 31.Ne5 Rh8  1-0

[Event "93rd ch-GBR"]
[Site "Swansea WLS"]
[Date "2006.08.09"]
[Round "3"]
[White "Taylor,Mart"]
[Black "Parker,J"]
[Result "0-1"]
[WhiteElo "2332"]
[BlackElo "2509"]

1.d4 Nf6 2.Bg5 e6 3.Nd2 c5 4.e3 cxd4 5.exd4 Nc6 6.Ngf3 Be7 7.c3 O-O 8.Bd3 Nd5
9.Bxe7 Qxe7 10.O-O b6 11.Re1 Bb7 12.Bf1 Nf6 13.a4 d6 14.Nb3 Qc7 15.Nfd2 Rab8
16.Nc4 Ne7 17.Ne3 Bc6 18.Nc1 Rfd8 19.Nd3 a5 20.Ng4 Nxg4 21.Qxg4 b5 22.Nf4 bxa4
23.Bd3 Ng6 24.Re3 Nxf4 25.Qxf4 Rxb2 26.Rh3 g6 27.Qh4 f5 28.Qf6 Re8 29.d5 exd5
30.c4 Rbb8 31.Bxf5 Qe7 32.Qxe7 Rxe7 33.cxd5 Bxd5 34.Bc2 Bb3 35.Bd3 Rc8 36.f4 Rec7
37.Kf2 Rc1 38.Rxc1 Rxc1 39.Be4 d5 40.Bf3 a3  0-1

[Event "FSGM August"]
[Site "Budapest HUN"]
[Date "2006.08.10"]
[Round "6"]
[White "Martinovic,Sa"]
[Black "Nemeth,Mi1"]
[Result "1/2-1/2"]
[WhiteElo "2367"]
[BlackElo "2396"]

1.d4 Nf6 2.Bg5 e6 3.e4 h6 4.Bxf6 Qxf6 5.c3 d6 6.Bd3 g6 7.Ne2 Bg7 8.O-O e5
9.f4 exd4 10.cxd4 Bg4 11.Qa4+ Nd7 12.Nbc3 O-O 13.Kh1 Nb6 14.Qc2 Bxe2 15.Nxe2 c5
16.e5 dxe5 17.dxe5 Qe7 18.Nc3 Rad8 19.Rae1 Nd5 20.Bc4 Nb4 21.Qxg6 Rd4 22.f5 Rxc4
23.Qxg7+ Kxg7 24.f6+ Qxf6 25.exf6+ Kg6 26.Re3 Kh7 27.Re7 b6 28.Rxa7 Nd3 29.Nd5 b5
30.Nc7 Rg8 31.g3 Rc2 32.Nxb5 Nf2+ 33.Kg2 Ne4+ 34.Kg1 Nxg3 35.Rxf7+ Kh8 36.hxg3 Rxg3+
37.Kh1 Rh3+ 38.Kg1  1/2-1/2

[Event "Acropolis Open"]
[Site "Athens GRE"]
[Date "2006.08.15"]
[Round "3"]
[White "Georgiev,Vl"]
[Black "Gelashvili,T"]
[Result "0-1"]
[WhiteElo "2518"]
[BlackElo "2575"]

1.d4 Nf6 2.Bg5 e6 3.Nd2 h6 4.Bh4 c5 5.e3 b6 6.Bd3 Bb7 7.Ngf3 Be7 8.O-O O-O
9.c3 d6 10.Bxf6 Bxf6 11.Qe2 Nd7 12.Rad1 Qc7 13.e4 Rfc8 14.Rfe1 cxd4 15.cxd4 e5
16.Nb3 exd4 17.Nfxd4 Nc5 18.Nxc5 Qxc5 19.Nf5 Rc7 20.Bb5 Rd8 21.Ba4 Qe5 22.Bb3 Bc8
23.Nd4 Qc5 24.Qe3 Re7 25.Bd5 Bxd4 26.Rxd4 Be6 27.Qd2 Bxd5 28.Rxd5 Qc7 29.Rc1 Qd7
30.f3 Re5 31.h3 Rxd5 32.Qxd5 Rc8 33.Rd1 Qa4 34.Kh2 Rc2 35.Qa8+ Kh7 36.Qd5 Rc5
37.Rd4 Qb5 38.Qxf7 Qxb2 39.Rd5 Rxd5 40.exd5 Qe5+ 41.Kh1 b5 42.f4 Qa1+ 43.Kh2 Qf6
44.Qxa7 Qxf4+ 45.Kh1 Qf5 46.Qd4 Qf1+ 47.Kh2 Qc4 48.Qd1 Qe4 49.a3 Kg8 50.Qb3 Qe2
51.Qg3 Qe7 52.Qf4 Qe5 53.Qxe5 dxe5 54.Kg3 Kf7 55.Kg4 Kf6 56.h4 Ke7 57.Kf3 Kd6
58.Ke4 h5  0-1

[Event "Petrovskaja Ladja S"]
[Site "Peterhof RUS"]
[Date "2006.08.15"]
[Round "2"]
[White "Eliseev,Alexe"]
[Black "Brodsky,M"]
[Result "1/2-1/2"]
[WhiteElo "2438"]
[BlackElo "2571"]

1.d4 Nf6 2.Bg5 e6 3.Nd2 h6 4.Bxf6 Qxf6 5.Ngf3 d6 6.e3 Nd7 7.Bd3 g6 8.c3 Bg7
9.h4 Qe7 10.Qc2 b6 11.a4  1/2-1/2

[Event "Open"]
[Site "Predeal ROM"]
[Date "2006.08.15"]
[Round "5"]
[White "Paulet,I"]
[Black "Ardeleanu,A"]
[Result "0-1"]
[WhiteElo "2123"]
[BlackElo "2424"]

1.d4 Nf6 2.Bg5 e6 3.Nd2 h6 4.Bh4 c5 5.c3 cxd4 6.cxd4 Qb6 7.Qc2 Nc6 8.e3 d5
9.Ngf3 Bd7 10.Qb3 Qxb3 11.Nxb3 Nb4 12.Kd1 Ne4 13.Nfd2 Ba4 14.f3 Nxd2 15.Kxd2 b6
16.a3 g5 17.axb4 Bxb4+ 18.Kc2 Rc8+ 19.Kb1 Bxb3 20.Bb5+ Ke7 21.Rxa7+ Kf6 22.Ba4 Bc4
23.Bg3 Bd3+ 24.Ka2 Ra8 25.Rxa8 Rxa8 26.Kb3 Bd2 27.Rd1 Bc4+ 28.Kc2 Bxe3 29.Bb3 Be2
30.Be5+ Ke7 31.Re1 Rc8+ 32.Kb1 Bd3+ 33.Ka1 Bf2  0-1

[Event "Petrovskaja Ladja A1"]
[Site "Peterhof RUS"]
[Date "2006.08.16"]
[Round "4"]
[White "Valov,I"]
[Black "Zhidkov,V"]
[Result "1/2-1/2"]
[WhiteElo "2270"]
[BlackElo "2416"]

1.d4 Nf6 2.Bg5 e6 3.Nd2 h6 4.Bh4 c5 5.e3 Be7 6.c3 b6 7.Bd3 Ba6 8.Qf3 d5 9.Bxa6 Nxa6
10.Qe2 Nb8 11.Bxf6 Bxf6 12.f4 cxd4 13.cxd4 Nc6 14.Ngf3 Rc8 15.O-O O-O 16.Rfc1 Qd7  1/2-1/2

[Event "93rd ch-GBR"]
[Site "Swansea WLS"]
[Date "2006.08.16"]
[Round "10"]
[White "Fowler,S"]
[Black "Britton,R"]
[Result "1/2-1/2"]
[WhiteElo "2181"]
[BlackElo "2288"]

1.d4 Nf6 2.Bg5 e6 3.e4 h6 4.Bxf6 Qxf6 5.Nc3 d6 6.Qd2 g5 7.h4 Bg7 8.hxg5 hxg5
9.Rxh8+ Bxh8 10.Nf3 g4 11.e5 Qe7 12.Nb5 Kf8 13.Ng5 dxe5 14.dxe5 Bxe5 15.O-O-O Nc6
16.Nh7+ Kg7 17.Bd3 Qb4 18.Qg5+ Kh8 19.c3 Bf4+ 20.Kb1 Bxg5 21.cxb4 Be7 22.Nxc7 Rb8
23.Rh1 Kg8 24.Ne8 f5 25.Nhf6+ Bxf6 26.Nxf6+ Kf7 27.Nh5 Nxb4 28.Nf4 e5 29.Bc4+ Kg7
30.Ne6+ Bxe6 31.Bxe6 Kf6 32.Bc4 e4 33.Rd1 b5 34.Bf1 Ke5 35.a3 Nd5 36.g3 Rh8
37.Bxb5 Rh2 38.Rf1 Rg2 39.Bc6 e3 40.fxe3 Rxg3 41.Bxd5 Kxd5 42.Rxf5+ Ke4 43.Rf7 Rxe3
44.Kc2 g3 45.Kd2 Rb3 46.Ke2 Rxb2+ 47.Kf1 a5 48.Ra7 Rb5 49.Kg2 Kd4 50.Kxg3 Kc3
51.Kf2 Kb3 52.Ke2 Kxa3 53.Kd2 Kb2 54.Kd3 Kb3 55.Kd2 Rc5 56.Rb7+ Ka3 57.Rb8 a4
58.Rb7 Ka2 59.Rb8 a3 60.Rb7 Rh5 61.Kc2 Rh2+ 62.Kc1 Rb2 63.Rh7 Rb1+ 64.Kc2 Rb4
65.Rc7 Rb2+ 66.Kc1 Rb1+ 67.Kc2  1/2-1/2

[Event "81st ch-FRA w"]
[Site "Besancon BRA"]
[Date "2006.08.17"]
[Round "4"]
[White "Roumegous,M"]
[Black "Muller,A"]
[Result "1-0"]
[WhiteElo "2203"]
[BlackElo "2181"]

1.d4 Nf6 2.Bg5 e6 3.e3 c5 4.c3 cxd4 5.exd4 Be7 6.Bd3 d6 7.Bxf6 Bxf6 8.Nf3 Nc6
9.Nbd2 b6 10.Qe2 Be7 11.O-O-O Bb7 12.Kb1 Qc7 13.h4 h6 14.g4 O-O-O 15.g5 hxg5
16.hxg5 g6 17.Rde1 Kb8 18.Ba6 Rde8 19.Bb5 Ref8 20.Bd3 Qc8 21.Qe3 Rxh1 22.Rxh1 Rh8
23.Rxh8 Qxh8 24.Qf4 Nd8 25.Kc2 Ka8 26.Be4 Qf8 27.Bd3 Nc6 28.Ne4 d5 29.Nf6 Bd6
30.Qh4 Qg7 31.Ne8 Qf8 32.Nxd6 Qxd6 33.Qh8+ Qb8 34.Qf6 Qc7 35.Qh8+ Qb8 36.Qg7 Qf4
37.Ne5 Qxf2+ 38.Kb3 a5 39.Qxf7 Qd2 40.Qe8+ Ka7 41.Nxc6+ Bxc6 42.Qe7+ Bb7
43.Bb5 Kb8 44.Qd8+ Ka7 45.Qc7 Ka8 46.Qe5 Qd1+ 47.Ka3 Qh5 48.Qf6 Ka7 49.Qe7 Ka8
50.Qf6 Ka7 51.Bd3 Qh2 52.Qxe6 Qc7 53.Qxg6 Qe7+ 54.Kb3 Qe3 55.Bb5 Qf2 56.Qf6  1-0

[Event "93rd ch-GBR"]
[Site "Swansea WLS"]
[Date "2006.08.17"]
[Round "11"]
[White "Corke,A"]
[Black "Briscoe,C"]
[Result "1-0"]
[WhiteElo "2179"]
[BlackElo "2137"]

1.d4 Nf6 2.Bg5 e6 3.e4 h6 4.Bxf6 Qxf6 5.c3 e5 6.dxe5 Qxe5 7.Bd3 Bc5 8.Nf3 Qe7
9.O-O O-O 10.Nbd2 d6 11.b4 Bb6 12.Re1 Bg4 13.Nc4 Nd7 14.a4 a5 15.Nxb6 Nxb6
16.h3 Bxf3 17.Qxf3 Qe5 18.Bc2 g5 19.Qd3 Kg7 20.g3 Rh8 21.Bb3 axb4 22.cxb4 Rag8
23.Rac1 c6 24.a5 Nd7 25.a6 Rb8 26.axb7 Rxb7 27.Rxc6 Rxb4 28.Rc7 Nc5 29.Qf3 h5
30.Qxf7+ Kh6 31.Re7 Qb2 32.e5 Qxe5 33.R1xe5 Rf8 34.Qh7+  1-0

[Event "Open"]
[Site "Stare Mesto CZE"]
[Date "2006.08.18"]
[Round "9"]
[White "Orgon,D"]
[Black "Jurcik,Mart"]
[Result "0-1"]
[WhiteElo "2149"]
[BlackElo "2309"]

1.d4 Nf6 2.Bg5 e6 3.e3 c5 4.c3 Nc6 5.Nd2 cxd4 6.exd4 Be7 7.Bd3 b6 8.Ngf3 Bb7
9.O-O O-O 10.Qc2 h6 11.Be3 Rc8 12.a3 Rc7 13.Rfe1 Qa8 14.Bf4 d6 15.Ne4 Nxe4
16.Bxe4 Na5 17.Rad1 Bxe4 18.Rxe4 Qd5 19.Rde1 Rfc8 20.Qc1 Bf8 21.h3 b5 22.Nh2 Kh8
23.g4 Nc4 24.g5 hxg5 25.Bxg5 Nxb2 26.Rh4+ Kg8 27.Bf6 Nd3 28.Qb1 Rxc3 29.Ng4 Qf5
30.Rf1 Rc1 31.Qb3 Rxf1+ 32.Kxf1 gxf6 33.Nxf6+ Qxf6 34.Rg4+ Bg7 35.Qxd3 Qf5
36.Qe3 Kf8 37.Rg3 Qd5 38.Rg4 Rc4 39.Qd2 Rxd4 40.Rxd4 Qxd4 41.Qa5 Qb6  0-1

[Event "Canadian Closed zt"]
[Site "Toronto CAN"]
[Date "2006.08.18"]
[Round "1"]
[White "Lawson,E"]
[Black "Patterson,Ro"]
[Result "1-0"]
[WhiteElo "2393"]
[BlackElo "2160"]

1.d4 Nf6 2.Bg5 e6 3.e4 h6 4.Bxf6 Qxf6 5.c3 d6 6.Bd3 Nd7 7.Ne2 Qd8 8.O-O Be7
9.f4 O-O 10.e5 c5 11.Bc2 Re8 12.Qd3 Nf8 13.Nd2 Qc7 14.Rf3 Bd7 15.Ne4 Red8
16.Rg3 cxd4 17.exd6 Bxd6 18.Qxd4  1-0

[Event "XXVI Open A"]
[Site "Bratto ITA"]
[Date "2006.08.22"]
[Round "4"]
[White "Drazic,S"]
[Black "Andreoli,R"]
[Result "1-0"]
[WhiteElo "2514"]
[BlackElo "2137"]

1.d4 Nf6 2.Bg5 e6 3.Nf3 c5 4.e3 d5 5.c3 Nbd7 6.Nbd2 Be7 7.Bd3 Qc7 8.O-O O-O
9.Qe2 b6 10.Bf4 Bd6 11.Bxd6 Qxd6 12.e4 dxe4 13.Nxe4 Qf4 14.g3 Qc7 15.Rad1 Bb7
16.Rd2 Rfd8 17.Rfd1 g6 18.Qe3 Kg7 19.dxc5 Nxe4 20.Bxe4 Nxc5 21.Bxb7 Rxd2
22.Rxd2 Qxb7 23.Ne5 f6 24.b4 Qe4 25.Rd7+ Kg8 26.bxc5 Qxe3 27.fxe3 fxe5 28.c6 Kf8
29.Rxh7  1-0

[Event "3rd Dato Arthur Tan"]
[Site "Kuala Lumpur MAS"]
[Date "2006.08.22"]
[Round "3"]
[White "Prayitno,S"]
[Black "Bennett,H"]
[Result "1-0"]
[WhiteElo "2321"]
[BlackElo "2093"]

1.d4 Nf6 2.Bg5 e6 3.e4 c5 4.e5 h6 5.Bc1 Nd5 6.c4 Nb4 7.d5 d6 8.a3 N4a6 9.Bf4 dxe5
10.Bxe5 Nd7 11.Bg3 Nf6 12.Nc3 exd5 13.cxd5 Qe7+ 14.Be2 Nh5 15.Nf3 Nxg3 16.hxg3 Nc7
17.O-O Bd7 18.Bb5 O-O-O 19.Re1 Qf6 20.Bxd7+ Rxd7 21.Ne5 Re7 22.Qg4+ Kb8 23.f4 h5
24.Qh3 Rxe5 25.fxe5 Qb6 26.Re2 g5 27.Qf5 h4  1-0

[Event "Canadian Closed zt"]
[Site "Toronto CAN"]
[Date "2006.08.23"]
[Round "6"]
[White "Peng,D"]
[Black "Livshits,R"]
[Result "1-0"]
[WhiteElo "2170"]
[BlackElo "2355"]

1.d4 Nf6 2.Bg5 e6 3.e4 Be7 4.Bd3 c5 5.dxc5 Na6 6.Bxa6 bxa6 7.Nc3 Bb7 8.Qd3 Qc7
9.O-O-O Bxc5 10.Nh3 h6 11.Bf4 e5 12.Bg3 d6 13.f4 O-O-O 14.Bh4 Rdg8 15.Rhf1 Bd4
16.fxe5 dxe5 17.Bxf6 gxf6 18.Rxf6 Rxg2 19.Qf3 Rhg8 20.Rxf7 Qc5 21.Rf1 Kb8
22.Ne2 Bxb2+ 23.Kxb2 Qb5+ 24.Ka1 Qxe2 25.Qxe2 Rxe2 26.Rb1 Rxc2 27.Rfxb7+ Ka8
28.R7b2 Rxb2 29.Rxb2 Rg4 30.Re2 Kb7 31.Kb2 a5 32.Kc2 Kc6 33.Kd3 Kc5 34.Ke3 Kb4
35.Nf2 Rg5 36.Kf3 Kc3 37.h4 Rg6 38.Ng4 Re6 39.h5 a4 40.Ke3 a3 41.Nf2 Rd6
42.Ng4 Rd3+ 43.Kf2 Rh3 44.Re3+ Rxe3 45.Kxe3 Kb2 46.Nxe5 Kxa2 47.Nc4 Kb3 48.Nxa3 Kxa3
49.e5  1-0

[Event "6th Open"]
[Site "Velika Gorica CRO"]
[Date "2006.08.24"]
[Round "7"]
[White "Brumen,D"]
[Black "Rogulj,B"]
[Result "1-0"]
[WhiteElo "2341"]
[BlackElo "2413"]

1.d4 Nf6 2.Bg5 e6 3.e4 h6 4.Bxf6 Qxf6 5.c3 c5 6.Nf3 cxd4 7.cxd4 Bb4+ 8.Nc3 O-O
9.Bd3 d6 10.O-O Bxc3 11.bxc3 e5 12.Rb1 b6 13.Qa4 Bb7 14.h3 Nc6 15.Nh2 Na5
16.Ng4 Qe6 17.f4 exf4 18.Rxf4 Rac8 19.d5 Qe7 20.Rbf1 f6 21.e5 fxe5 22.Qe4  1-0

[Event "VIII Open"]
[Site "Sants ESP"]
[Date "2006.08.29"]
[Round "5"]
[White "Hernando Rodrigo,Jo"]
[Black "Martorell Aguado,J"]
[Result "1-0"]
[WhiteElo "2400"]
[BlackElo "2197"]

1.d4 Nf6 2.Bg5 e6 3.e4 h6 4.Bxf6 Qxf6 5.Qd2 d6 6.Nc3 b6 7.Bc4 Bb7 8.Nge2 Be7
9.f4 a6 10.O-O c5 11.f5 Qg5 12.Rf4 cxd4 13.Qxd4 e5 14.Qxb6 exf4 15.Qxb7 f3
16.Ng3 O-O 17.Qxa8 h5  1-0